Songs By Decade #4 - Statistics

General Stats
  • This quiz has been taken 18 times
  • The average score is 17 of 25
Answer Stats
Hint Extra Hint Answer % Correct
Ziggy Stardust David Bowie 1970s
94%
Billie Jean Michael Jackson 1980s
94%
Yellow Submarine The Beatles 1960s
88%
Once in a Lifetime Talking Heads 1980s
88%
Ring of Fire Johnny Cash 1960s
82%
Be My Baby The Ronettes 1960s
82%
What a Wonderful World Louis Armstrong 1960s
82%
Take On Me A-ha 1980s
82%
Africa Toto 1980s
82%
Heart-Shaped Box Nirvana 1990s
76%
Get Lucky Daft Punk 2010s
76%
T.N.T. AC/DC 1970s
71%
Don’t Stop Believin’ Journey 1980s
71%
Born in the U.S.A. Bruce Springsteen 1980s
65%
Castles Made of Sand Jimi Hendrix 1960s
59%
Feel Good Inc. Gorillaz 2000s
59%
Me and Bobby McGee Janis Joplin 1970s
53%
I Wanna Dance With Somebody Whitney Houston 1980s
53%
Baby Got Back Sir Mix-A-Lot 1990s
53%
Say It Ain’t So Weezer 1990s
53%
Die With A Smile Lady Gaga, Bruno Mars 2020s
53%
No Rain Blind Melon 1990s
47%
Hurt Nine Inch Nails 1990s
41%
Rap God Eminem 2010s
35%
Rapper’s Delight Sugarhill Gang 1970s
24%
No matching quizzes found
Score Distribution
Percent of People with Each Score
Percentile by Number Answered
Your Score History
You have not taken this quiz